<?xml version="1.0" encoding="UTF-8"?>
<record
    xmlns:xsi="http://www.w3.org/2001/XMLSchema-instance"
    xsi:schemaLocation="http://www.loc.gov/MARC21/slim http://www.loc.gov/standards/marcxml/schema/MARC21slim.xsd"
    xmlns="http://www.loc.gov/MARC21/slim">

  <leader>02574njm a2200469Ia 4500</leader>
  <controlfield tag="001">23933</controlfield>
  <controlfield tag="003">IT-RoPAU</controlfield>
  <controlfield tag="005">20220918181122.0</controlfield>
  <controlfield tag="008">131025s9999    xx            000 0 und d</controlfield>
  <datafield tag="040" ind1=" " ind2=" ">
    <subfield code="a">IT-RoPAU</subfield>
  </datafield>
  <datafield tag="040" ind1=" " ind2=" ">
    <subfield code="c">IT-RoPAU</subfield>
  </datafield>
  <datafield tag="041" ind1=" " ind2=" ">
    <subfield code="a">ITALIANO</subfield>
  </datafield>
  <datafield tag="999" ind1=" " ind2=" ">
    <subfield code="c">99889</subfield>
    <subfield code="d">99889</subfield>
  </datafield>
  <datafield tag="999" ind1=" " ind2=" ">
    <subfield code="b">n.d.</subfield>
  </datafield>
  <datafield tag="100" ind1=" " ind2=" ">
    <subfield code="a">AA.VV.</subfield>
    <subfield code="9">794</subfield>
  </datafield>
  <datafield tag="100" ind1=" " ind2=" ">
    <subfield code="e">Autore musica</subfield>
    <subfield code="9">7647</subfield>
  </datafield>
  <datafield tag="100" ind1=" " ind2=" ">
    <subfield code="g">Codice autore musica SPICS: 12000</subfield>
    <subfield code="9">796</subfield>
  </datafield>
  <datafield tag="245" ind1=" " ind2=" ">
    <subfield code="a">Canti della Patria (Lp 20092)</subfield>
  </datafield>
  <datafield tag="250" ind1=" " ind2=" ">
    <subfield code="a">1a ed.</subfield>
  </datafield>
  <datafield tag="260" ind1=" " ind2=" ">
    <subfield code="a">MILANO</subfield>
  </datafield>
  <datafield tag="260" ind1=" " ind2=" ">
    <subfield code="b">COMBO RECORD</subfield>
    <subfield code="c">1968 [1a Ed.:1968]</subfield>
  </datafield>
  <datafield tag="300" ind1=" " ind2=" ">
    <subfield code="a">DISCO</subfield>
  </datafield>
  <datafield tag="500" ind1=" " ind2=" ">
    <subfield code="a">Canzoni popolari. Canti dedicati alla Patria. Elaborazioni.</subfield>
  </datafield>
  <datafield tag="505" ind1=" " ind2=" ">
    <subfield code="a">Inno dei carristi - Vent'anni allegramente - Il reggimento di pap&#xE0; - Flick e flock - Il colonnello-Fantasia Cremisi - Caff&#xE8; caff&#xE8; (Bersaglieresca) - Inno di Garibaldi - Inno degli alpini sciatori - Addio mia bella addio - Inno di Mameli - O Dio del cielo - La bella Gigogin</subfield>
  </datafield>
  <datafield tag="511" ind1=" " ind2=" ">
    <subfield code="a">Fanfara Bersaglieri Legnano</subfield>
  </datafield>
  <datafield tag="511" ind1=" " ind2=" ">
    <subfield code="a">Coro Stella Alpina di Somma Lombardo</subfield>
  </datafield>
  <datafield tag="511" ind1=" " ind2=" ">
    <subfield code="a">Valle Adriano</subfield>
  </datafield>
  <datafield tag="650" ind1=" " ind2=" ">
    <subfield code="a">POPOLARE [DISCHI]</subfield>
    <subfield code="e">Codice MATERIA SPICS: 9950</subfield>
    <subfield code="9">7648</subfield>
  </datafield>
  <datafield tag="700" ind1=" " ind2=" ">
    <subfield code="a">Pipitone</subfield>
    <subfield code="d">Codice autore musica SPICS: 14199</subfield>
    <subfield code="e">Autore musica</subfield>
    <subfield code="p">Inno dei carristi</subfield>
    <subfield code="9">7649</subfield>
  </datafield>
  <datafield tag="700" ind1=" " ind2=" ">
    <subfield code="a">Cataldo</subfield>
    <subfield code="d">Codice autore musica SPICS: 14200</subfield>
    <subfield code="e">Autore musica</subfield>
    <subfield code="p">Vent'anni allegramente</subfield>
    <subfield code="9">7650</subfield>
  </datafield>
  <datafield tag="700" ind1=" " ind2=" ">
    <subfield code="a">Fuentes</subfield>
    <subfield code="d">Codice autore musica SPICS: 14201</subfield>
    <subfield code="e">Autore musica</subfield>
    <subfield code="p">Il reggimento di pap&#xE0;</subfield>
    <subfield code="9">7651</subfield>
  </datafield>
  <datafield tag="700" ind1=" " ind2=" ">
    <subfield code="a">Hertel P.</subfield>
    <subfield code="d">Codice autore musica SPICS: 13726</subfield>
    <subfield code="e">Autore musica</subfield>
    <subfield code="p">Flick e flock</subfield>
    <subfield code="9">7652</subfield>
  </datafield>
  <datafield tag="700" ind1=" " ind2=" ">
    <subfield code="a">Mamprin</subfield>
    <subfield code="d">Codice autore musica SPICS: 14202</subfield>
    <subfield code="e">Autore musica</subfield>
    <subfield code="p">Il colonnello-Fantasia Cremisi - Caff&#xE8; caff&#xE8; (Bersaglieresca)</subfield>
    <subfield code="9">7653</subfield>
  </datafield>
  <datafield tag="700" ind1=" " ind2=" ">
    <subfield code="a">Olivieri Dino</subfield>
    <subfield code="d">Codice autore musica SPICS: 13481</subfield>
    <subfield code="e">Autore musica</subfield>
    <subfield code="p">Inno di Garibaldi</subfield>
    <subfield code="9">7654</subfield>
  </datafield>
  <datafield tag="700" ind1=" " ind2=" ">
    <subfield code="a">Venini</subfield>
    <subfield code="d">Codice autore musica SPICS: 14203</subfield>
    <subfield code="e">Autore musica</subfield>
    <subfield code="p">Inno degli alpini sciatori</subfield>
    <subfield code="9">7655</subfield>
  </datafield>
  <datafield tag="700" ind1=" " ind2=" ">
    <subfield code="a">Baravalle</subfield>
    <subfield code="d">Codice autore testo/musica SPICS: 14204</subfield>
    <subfield code="e">Autore testo/musica</subfield>
    <subfield code="p">Inno degli alpini sciatori</subfield>
    <subfield code="9">7656</subfield>
  </datafield>
  <datafield tag="700" ind1=" " ind2=" ">
    <subfield code="a">Anonimo</subfield>
    <subfield code="d">Codice autore musica SPICS: 2620</subfield>
    <subfield code="e">Autore musica</subfield>
    <subfield code="p">Addio mia bella addio - O Dio del cielo</subfield>
    <subfield code="9">7657</subfield>
  </datafield>
  <datafield tag="700" ind1=" " ind2=" ">
    <subfield code="a">Novaro Michele</subfield>
    <subfield code="d">Codice autore musica SPICS: 14205</subfield>
    <subfield code="e">Autore musica</subfield>
    <subfield code="p">Inno di Mameli</subfield>
    <subfield code="9">7658</subfield>
  </datafield>
  <datafield tag="700" ind1=" " ind2=" ">
    <subfield code="a">Mameli Goffredo</subfield>
    <subfield code="d">Codice autore testo/musica SPICS: 13723</subfield>
    <subfield code="e">Autore testo/musica</subfield>
    <subfield code="p">Inno di Mameli</subfield>
    <subfield code="9">7659</subfield>
  </datafield>
  <datafield tag="700" ind1=" " ind2=" ">
    <subfield code="a">Ferrazza</subfield>
    <subfield code="d">Codice autore musica SPICS: 14206</subfield>
    <subfield code="e">Autore musica</subfield>
    <subfield code="p">La bella Gigogin</subfield>
    <subfield code="9">7660</subfield>
  </datafield>
  <datafield tag="700" ind1=" " ind2=" ">
    <subfield code="a">De Bono</subfield>
    <subfield code="d">Codice autore testo/musica SPICS: 14207</subfield>
    <subfield code="e">Autore testo/musica</subfield>
    <subfield code="p">La bella Gigogin</subfield>
    <subfield code="9">7661</subfield>
  </datafield>
  <datafield tag="942" ind1=" " ind2=" ">
    <subfield code="c">MD</subfield>
    <subfield code="2">ddc</subfield>
  </datafield>
  <datafield tag="952" ind1=" " ind2=" ">
    <subfield code="0">0</subfield>
    <subfield code="1">0</subfield>
    <subfield code="4">0</subfield>
    <subfield code="6">23933_000000000000000</subfield>
    <subfield code="7">1</subfield>
    <subfield code="a">SPICS</subfield>
    <subfield code="b">SPICS</subfield>
    <subfield code="d">2013-10-25</subfield>
    <subfield code="l">0</subfield>
    <subfield code="o">23933</subfield>
    <subfield code="r">2013-10-25 00:00:00</subfield>
    <subfield code="w">2013-10-25</subfield>
    <subfield code="y">MD</subfield>
    <subfield code="z">Progr. Ins.: 4780 / N.Vol.: 1 / Copie: 1 - Copia rara: n.d. / date import: 01.01.2014 - By Epidotti, Trombetti, Vaglietti</subfield>
  </datafield>
</record>
